00254nam a2200109Ia 4500100001800000654001600018245003000034260005000064082001000114300000800124546001200132 aBeynon/ R.E.  aRoll design aRoll design & mill layout bAssociation of iron & steelaPittsburghc1981 a621.8 a178 aENGLISH